00535nam a2200181 a 45000010010000000030011000100080041000210350026000620820018000881000024001062450029001302600033001596500024001929420012002169520090002289980020003189990015003380000-8705ELIB.Books110520 1950  a(ELIB.Books)0000-8851 a268.432 bTay aTaylor, Florence M. aTheir Rightful Heritage bBoston; Pilqrim Press c1950 aChristian Education 2ddccBK 00102ddc4070aKBTSbKBTSd2011-05-20l0p3593r2022-01-22 00:00:00w2022-01-22yBK cbate2011-05-20 c8705d8705